Music Quiz

Random Music or Song Quiz

The Cars Songs Quiz Stats

Quiz not verified by Sporcle

Challenge
Share
Tweet
Embed
Score 0/123 Timer 15:00
0 Plays Today
Album Songs % Correct
The CarsJust What I Needed
98%
Shake It UpShake It Up
98%
Greatest HitsJust What I Needed
98%
Greatest HitsShake It Up
98%
Just What I Needed: The Cars AnthologyJust What I Needed
98%
Just What I Needed: The Cars Anthology (Continued)Shake It Up
98%
Candy-OCandy-O
92%
Just What I Needed: The Cars AnthologyCandy-O
92%
Candy-OLet's Go
90%
Heartbeat CityHeartbeat City
90%
Greatest HitsHeartbeat City
90%
Greatest HitsLet's Go
90%
Just What I Needed: The Cars AnthologyLet's Go
90%
Heartbeat CityDrive
88%
Greatest HitsDrive
88%
Just What I Needed: The Cars Anthology (Continued)Drive
88%
The CarsMy Best Friend's Girl
86%
Greatest HitsMy Best Friend's Girl
86%
Just What I Needed: The Cars AnthologyMy Best Friend's Girl
86%
PanoramaPanorama
84%
Just What I Needed: The Cars AnthologyPanorama
84%
The CarsMoving In Stereo
82%
Heartbeat CityYou Might Think
82%
Greatest HitsYou Might Think
82%
Just What I Needed: The Cars AnthologyMoving In Stereo
82%
Just What I Needed: The Cars Anthology (Continued)You Might Think
82%
The CarsGood Times Roll
80%
Greatest HitsGood Times Roll
80%
Just What I Needed: The Cars AnthologyGood Times Roll
80%
The CarsBye Bye Love
76%
Heartbeat CityMagic
76%
Greatest HitsMagic
76%
Door to DoorDoor To Door
76%
Just What I Needed: The Cars Anthology (Continued)Magic
76%
Just What I Needed: The Cars Anthology (Continued)Door To Door
76%
The CarsI'm in Touch with Your World
72%
The CarsDon't Cha Stop
72%
Just What I Needed: The Cars AnthologyYou're All I've Got Tonight
72%
Just What I Needed: The Cars AnthologyDon't Cha Stop
72%
The CarsAll Mixed Up
70%
Candy-ODangerous Type
70%
Album Songs % Correct
PanoramaTouch and Go
70%
Greatest HitsTouch And Go
70%
Just What I Needed: The Cars AnthologyDangerous Type
70%
Just What I Needed: The Cars Anthology (Continued)Touch And Go
70%
Shake It UpSince You're Gone
68%
Greatest HitsSince You're Gone
68%
Just What I Needed: The Cars Anthology (Continued)Since You're Gone
68%
Candy-OIt's All I Can Do
66%
Candy-ODouble Life
66%
Candy-OShoo Be Doo
66%
Greatest HitsTonight She Comes
66%
Just What I Needed: The Cars AnthologyDouble Life
66%
Just What I Needed: The Cars AnthologyIt's All I Can Do
66%
Just What I Needed: The Cars Anthology (Continued)Tonight She Comes
66%
Heartbeat CityHello Again
64%
Heartbeat CityWhy Can't I Have You
64%
Just What I Needed: The Cars Anthology (Continued)Hello Again
64%
Just What I Needed: The Cars Anthology (Continued)Why Can't I Have You
64%
Candy-ONightspots
62%
Candy-OGot a Lot on My Head
62%
Shake It UpI'm Not The One
62%
Heartbeat CityIt's Not the Night
62%
Greatest HitsI'm Not The One
62%
Just What I Needed: The Cars AnthologyGot A Lot On My head
62%
Just What I Needed: The Cars AnthologyNightspots
62%
Just What I Needed: The Cars Anthology (Continued)I'm Not the One
62%
Candy-OSince I Held You
60%
PanoramaUp And Down
60%
Shake It UpVictim of Love
60%
Shake It UpCruiser
60%
Just What I Needed: The Cars Anthology (Continued)Cruiser
60%
Candy-OYou Can't Hold on Too Long
58%
Candy-OLust For Kicks
58%
PanoramaMisfit Kid
58%
PanoramaDown Boys
58%
PanoramaRunning To You
58%
Shake It UpThink It Over
58%
Shake It UpMaybe Baby
58%
Heartbeat CityLooking For Love
58%
Door to DoorYou Are The Girl
58%
Just What I Needed: The Cars Anthology (Continued)You Are the Girl
58%
Album Songs % Correct
PanoramaGimme Some Slack
56%
PanoramaDon't Tell Me No
56%
PanoramaGetting Through
56%
PanoramaYou Wear Those Eyes
56%
Shake It UpA Dream Away
56%
Shake It UpThis Could Be Love
56%
Heartbeat CityStranger Eyes
56%
Door to DoorLeave or Stay
56%
Door to DoorStrap Me In
56%
Just What I Needed: The Cars AnthologyGimme Some Slack
56%
Just What I Needed: The Cars Anthology (Continued)Don't Tell Me No
56%
Just What I Needed: The Cars Anthology (Continued)Strap Me In
56%
Just What I Needed: The Cars Anthology (Continued)Leave Or Stay
56%
Door to DoorFine Line
54%
Door to DoorTa Ta Wayo Wayo
54%
Door to DoorComing Up You
54%
Just What I Needed: The Cars Anthology (Continued)The Little Black Egg
54%
Just What I Needed: The Cars Anthology (Continued)Ta Ta Wayo Wayo
54%
Heartbeat CityI Refuse
52%
Door to DoorEverything You Say
52%
Door to DoorWound Up On You
52%
The CarsYour All I've Got Tonight
50%
Door to DoorDouble Trouble
50%
Door to DoorGo Away
50%
Just What I Needed: The Cars Anthology (Continued)Funtime
50%
Move Like ThisBlue Tip
50%
Just What I Needed: The Cars AnthologyDon't Go to Pieces
48%
Move Like ThisSad Song
48%
Just What I Needed: The Cars AnthologyTake Me Now
46%
Move Like ThisFree
44%
Just What I Needed: The Cars Anthology (Continued)Breakaway
42%
Move Like ThisDrag On Forever
42%
Just What I Needed: The Cars AnthologySlipaway
38%
Just What I Needed: The Cars AnthologyCool Fool
36%
Just What I Needed: The Cars AnthologyThat's It
34%
Move Like ThisKeep On Knocking
34%
Move Like ThisHits Me
34%
Move Like ThisToo Late
28%
Move Like ThisIt's Only
26%
Move Like ThisSoon
24%
Move Like ThisTake Another Look
24%

You're not logged in!

Compare scores with friends on all Sporcle quizzes.
Sign Up with Email
OR
Log In

You Might Also Like...

Show Comments

Extras

Top Quizzes Today


Score Distribution

Your Account Isn't Verified!

In order to create a playlist on Sporcle, you need to verify the email address you used during registration. Go to your Sporcle Settings to finish the process.